| 000 | 01018 a2200241 4500 | ||
|---|---|---|---|
| 001 | 49488 | ||
| 005 | 20260407155758.0 | ||
| 008 | 260407a2018 arg spa d | ||
| 003 | AR-UNSa-BCEJYS | ||
| 040 |
_aAR-UNSa-BCEJYS _bspa _cAR-UNSa-BCEJYS |
||
| 080 |
_a512 _xAlgebra |
||
| 245 | 1 | 0 | _aMatemáticas aplicadas a los negocios, las ciencias sociales y de la vida |
| 020 | _a978-607-526-530-8 | ||
| 250 | _a6a. ed. | ||
| 264 | 1 |
_aMéxico : _bCengage Learning Editores _c2018 |
|
| 300 |
_axix, 721 p. _c27 cm. |
||
| 505 | _a1. Fundamentos de álgebra - 2. Funciones y sus gráficas - 3. Funciones exponenciales y logarítmicas - 4. Sistema de ecuaciones lineales y matrices - 5. Conjuntos - 6. La derivada - 7. Aplicaciones de la derivada - 8. Integración - 9. Cálculo de varias variables - | ||
| 041 | _aspa | ||
| 942 | _cBK | ||
| 590 | _aniveau_biblio:m niveau_hierar:0 | ||
| 100 | 1 | _aTan, Soo Tang | |
| 856 | 4 | 1 |
_uhttps://www.biblioeco.unsa.edu.ar/pmb/images/libros/L128129.jpg _yImagen de portada _qimage/jpeg |
| 999 |
_c4854 _d4854 |
||